000 00319nab a22001097u 4500
008 130520b1983 xxu||||| |||| 00| 0 spa d
041 _aspa
100 1 _aSpae, J.
_967306
245 0 0 _aIndiferencia religiosa: la actitud japonesa
_cJ. Spae
773 0 _tConcilium
_gV.2,1983,págs.201-210
_x0210-1041
_wRev134
942 _cAR
999 _c354995
_d354995